BASIC reference /

Uloženo v:
Podrobná bibliografie
Korporativní autor: International Business Machines Corporation
Médium: Kniha
Jazyk:English
Vydáno: Boca Raton, Fla. : International Business Machines Corp., 1984.
Vydání:3rd ed.
Edice:Personal computer hardware reference library
Témata:
LEADER 01331nam a2200313 a 4500
001 c000183787
003 CARM
005 20050608150548.0
008 860305s1984 flu b 001 0 eng d
019 1 |a 4371976  |5 LACONCORD2021 
035 |a (OCoLC)71505392  |5 LACONCORD2021 
040 |a VIT  |b eng  |c VIT  |d ABN-SNR 
082 1 4 |a 005.26/5  |2 19 
245 0 0 |a BASIC reference /  |c IBM. 
246 3 |a BASIC handbook : general programming information 
246 3 |a BASIC : quick reference 
250 |a 3rd ed. 
260 |a Boca Raton, Fla. :  |b International Business Machines Corp.,  |c 1984. 
300 |a 1 v. (loose-leaf) ;  |c 23 cm. 
440 0 |a Personal computer hardware reference library 
500 |a Cover title: BASIC. 
500 |a Accompanied by "BASIC handbook : general programming information" (1 v. (various pagings) ; 22 cm.) and "BASIC : quick reference" (24 p. ; 22 x 10 cm.) 
504 |a Includes bibliography and index. 
650 0 |a BASIC (Computer program language) 
650 0 |a IBM Personal Computer  |x Programming. 
710 2 |a International Business Machines Corporation. 
852 8 |b CARM  |h A2:AK31B0  |i B05479  |p 0255886  |f BK 
999 f f |i 014315d5-8957-57f4-8659-793bc2e7bae8  |s 8e4a7ea2-d5a2-548a-b3b3-a85bea5cc37e 
952 f f |p Can circulate  |a CAVAL  |b CAVAL  |c CAVAL  |d CARM 1 Store  |e B05479  |f A2:AK31B0  |h Other scheme  |i book  |m 0255886